|
|
|
|
| LEADER |
00000nab a2200000 a 4500 |
| 001 |
vtls000920367 |
| 003 |
SK-MaSNL |
| 005 |
20260303033910.0 |
| 008 |
040720e19920000xo 0 slo |
| 035 |
|
|
|a KE29244
|
| 040 |
|
|
|a KEVKJB
|b slo
|c KEVKJB
|e AACR2
|
| 041 |
0 |
|
|a slo
|
| 044 |
|
|
|a xo
|c SK
|
| 080 |
|
|
|a 324
|2 1981
|
| 100 |
1 |
|
|a Spišská, M.
|4 aut
|9 1018353
|
| 245 |
1 |
0 |
|a Voľby do FZ a SNR v našom okrese
|
| 650 |
0 |
7 |
|a voľby do SNR a FZ 1992
|2 KEVKJB
|9 1018354
|
| 650 |
0 |
7 |
|a zabezpečenie organizačné
|2 KEVKJB
|9 1018355
|
| 651 |
|
7 |
|a KS,
|2 KEVKJB
|9 880381
|
| 655 |
|
7 |
|a periodikum
|2 snkbucl
|9 29553
|
| 773 |
0 |
8 |
|t Okresný vestník
|g Roč. 2, č.3 (1992), s. 1-4
|
| 852 |
|
|
|a ZVYKNI
|b KIS3GCP
|
| 999 |
|
|
|c 1671713
|d 1673643
|